000 00823cam a2200265 a 4500
001 16177637
005 20180129070323.0
008 100408s2011 nyua b 001 0 eng
010 _a 2010926418
020 _a9781435480339
020 _a1435480333
040 _aDLC
_cDLC
_dDLC
041 _aeng
042 _apcc
080 _a615 WOO
082 _a615 WOO
100 1 _a5
101 _aFAR
245 1 0 _aEssentials of pharmacology for health occupations /
_cRuth Woodrow, Bruce J. Colbert, David M. Smith.
504 _aIncludes bibliographical references (p. 530) and index.
906 _a7
_bcbc
_corigcop
_d3
_eepcn
_f20
_gy-gencatlg
942 _2ddc
_cBK
999 _c41150
_d41150